| 000 | 00440nam a2200157Ia 4500 | ||
|---|---|---|---|
| 003 | GCL | ||
| 008 | 140319s9999 xx 000 0 ara d | ||
| 040 |
_aGCL / _cGCL |
||
| 082 | 0 | 4 |
_aد _b050 |
| 100 | 1 | _aمحمود احمد حماد | |
| 245 | 1 | 0 |
_aالحياة المثلى وكيف نحققها(اقرا 222) / _cمحمود احمد حماد |
| 300 | _a110 ص | ||
| 490 |
_aاقرأ _v0 |
||
| 650 | 0 | 4 | _aالمثالية |
| 942 |
_2ddc _cBK |
||
| 999 |
_c48719 _d48719 |
||